| 000 | 00741nam a22002177a 4500 | ||
|---|---|---|---|
| 005 | 20250207142838.0 | ||
| 010 | _aENG-142890 | ||
| 020 |
_a8174531033 _c1295.00 |
||
| 035 | _aEN-127241 | ||
| 035 | _aEN-127241 | ||
| 037 | _bDBAD | ||
| 082 | _a230.1 | ||
| 100 |
_aA.MacDonell _977448 |
||
| 245 |
_aHistory of Vedic Mythology/ _cBy A.MacDonell _hEnglish |
||
| 260 |
_aNew Delhi _bSom Nath Dhall Sanjay Prakashan _c2022 |
||
| 270 |
_a4378/4B,209,J.M.D.House, Murari Lal Street, Ansari Road, _bNew Delhi _e110002 _mrrthakur@hotmail.com _k232458089(O) _k22942462 (R) |
||
| 300 |
_avii,270p. _bConclusion, Reference _c23cm(pbk) |
||
| 700 |
_aRaman Rakesh _eAuthor _977415 |
||
| 700 | _977416 | ||
| 942 |
_2ddc _cEN _h230.1 _mDon |
||
| 999 |
_c208958 _d208958 |
||